000 00758nam a2200229 a 4500
001 000022053
005 20200930011549.0
008 100916s2005 dr 000 0 spa d
020 _a9993481254
040 _aDO-SdBNP
_bspa
_cBNPHU
082 _axxx
_bA473i
100 1 _aÁlvarez Álvarez, Alicia María
_945704
245 1 3 _aLa imagen corporativa en la comunicación organizacional :
_bteorías, conceptos y puntos de vistas /
_cAlicia María Álvarez Álvarez.
260 _aSanto Domingo :
_bUNAPEC,
_c2005.
300 _a68 p. ;
_c22 cm.
490 1 _aUNAPEC
490 1 _aArte y comunicación
_v1
504 _aBibliografías : p. 63-68
590 _aInventariado, 2019/ YL
830 0 _aUNAPEC
_945705
830 0 _aArte y comunicación
_n1
_945706
999 _c21551
_d21551